Flag Quiz - Middle East - Statistics

General Stats
  • This quiz has been taken 41 times
  • The average score is 15 of 16
Answer Stats
Picture Answer % Correct
Saudi Arabia
100%
Syria
100%
Egypt
97%
Iran
97%
Iraq
97%
Lebanon
97%
Turkey
97%
Bahrain
94%
Cyprus
94%
Israel
94%
Kuwait
94%
Oman
94%
United Arab Emirates
94%
Jordan
91%
Qatar
91%
Yemen
91%
No matching quizzes found
Score Distribution
Percent of People with Each Score
Percentile by Number Answered
Your Score History
You have not taken this quiz